Statistiken für Großstädte des Vereinigten Königreiches

Klicken Sie hier um das Quiz zu spielen!

Allgemein

  • Dieses Quiz wurde 62 mal gespielt
  • Das Durchschnittsergebnis liegt bei 25 aus 84

Antwortstatistiken

EinwohnerzahlStadt% Korrekt
8.888.608London
100%
560.392Manchester
100%
576.561Liverpool
93%
1.161.258Birmingham
90%
631.690Glasgow
88%
505.310Edinburgh
81%
340.000Belfast
80%
515.947Leeds
78%
349.780Cardiff
73%
306.573Nottingham
69%
525.142Sheffield
68%
281.727Newcastle upon Tyne
66%
196.220Aberdeen
63%
586.781Bristol
59%
487.837Leicester
59%
266.934Southampton
59%
232.503Brighton and Hove
58%
172.264Oxford
56%
240.903Plymouth
56%
218.488Wolverhampton
51%
178.118Swansea
49%
156.135York
49%
200.996Norwich
46%
241.623Portsmouth
42%
148.150Blackpool
41%
167.007Cambridge/Milton
41%
233.498Luton
41%
279.769Stoke-on-Trent
41%
269.053Derby
37%
200.916Bournemouth
34%
146.840Dundee
32%
151.240Ipswich
32%
242.572Reading
32%
170.134Sunderland
32%
124.893Exeter
31%
245.899Northampton
27%
124.900Blackburn
25%
167.534Huddersfield
25%
101.557Bath
24%
212.271Bolton
24%
355.703Coventry
24%
370.185Bradford
22%
179.959Middlesbrough
22%
148.069Watford
20%
295.179Kingston upon Hull
17%
138.753Colchester
15%
111.201Lincoln
15%
189.561Peterborough
15%
201.669Swindon
15%
113.566Doncaster
14%
105.690Wigan
14%
192.943Milton Keynes
12%
160.778Poole
12%
109.697Rotherham
12%
182.591Southend-on-Sea
12%
139.383Newport
10%
151.176Gloucester
8%
105.491Worcester
8%
113.127Eastbourne
7%
111.321Oldham
7%
175.100Slough
7%
145.208Birkenhead
5%
120.091Chelmsford
5%
107.897Gillingham
5%
111.023Stockport
5%
119.587Cheltenham
3%
116.880Crawley
3%
121.723Maidstone
3%
114.615Rochdale
3%
155.570Telford
3%
109.766Wakefield
3%
173.365Warrington
3%
111.766Woking/Byfleet
3%
116.192Worthing
3%
127.856High Wycombe
2%
106.591Saint Helens
2%
141.068Sale
2%
129.794Salford
2%
126.245Solihull
2%
117.341Basildon
0%
118.807Basingstoke
0%
115.720Gateshead
0%
103.212Hemel Hempstead
0%
109.899Royal Sutton Coldfield
0%

Verteilung der Resultate

Perzentil nach korrekt beantworteten Fragen

Anzahl Personen mit jedem Resultat

Ihre Resultats-Entwicklung

Sie haben dieses Quiz noch nicht gespielt